| 000 | 00562nam a2200193 a 4500 | ||
|---|---|---|---|
| 005 | 20140310183505.0 | ||
| 008 | 100809s19uu xx 00 eng d | ||
| 020 | _a9781433807190 | ||
| 050 |
_aRC 475 _b.St77 2010 |
||
| 100 | _aStricker, George | ||
| 245 |
_aPsychotherapy integration. / _cGeorge Stricker |
||
| 260 |
_aWashington D.C : _bAmerican Psychological Association, _c2010. |
||
| 300 |
_a164 p. : _c23 cm. |
||
| 440 | _aTheories of Psychotherapy Series | ||
| 521 | _aPSYCH | ||
| 650 | _aPsychotherapy. | ||
| 942 |
_cBK _2lcc _kFOR |
||
| 999 |
_c24021 _d24021 |
||